000 01049nam a22002057a 4500
003 OSt
005 20260414065122.0
008 260414b |||||||| |||| 00| 0 eng d
020 _a971-16-0092-7
040 _aDWC-Main lib.
_cOC
082 _aFil. 348.044 Su959
110 _aEDITORIAL STAFF OF THE CENTRAL LAWBOOK PUBLISHING CO., INC
245 _aSupreme Court reports :
_bannotated/
_cEDITORIAL STAFF OF THE CENTRAL LAWBOOK PUBLISHING CO., INC
260 _aManila, Philippines :
_bCentral Lawbook Publishing Company, Inc.
300 _avarious paging :
_c23 cm
501 _avolume 171 to 180
504 _av.171 - March 7 to April 10, 1989 v.172 - April 12 to 27, 1989 v.173 - May 3 to 31, 1989 v.174 - June 5 to 30, 1989 v.175 - July 5 to 31, 1989 v.176 - August 1 to 28, 1989 v.177 - August 29 to September 26, 2989 v.178 - September 29 to October 27, 1989 v.179 - November 6 to December 4, 1989 v.180 - December 5 to 29, 1989
650 _a1. Law reports, digests, etc.--- Philippines.
942 _2ddc
_cBK - FIL
_hFil.
_n0
999 _c9400
_d9400